000 00461nam a2200121Ia 4500
008 220216s9999 xx 000 0 und d
100 _aThomas K.K.
245 0 _aInformation on natural rubber: A study of its sources, transfer and utilization
260 _bDissertation, Postgraduate Diploma in Journalism and Communication, Bharatiya Vidya Bhavan, Kottayam, India, 36 p.
_c2000
650 _aInformation dissemination
650 _aNatural rubber
942 _cBS
999 _c52954
_d52954